000 00627nam a22001577a 4500
999 _c57994
_d57994
005 20210419162251.0
008 210419r2020 ge ||||| |||| 00| 0 geo d
022 _a1512259X
041 _ageo
245 _aმართლმსაჯულება და კანონი = Justice and Law :
_b2020 /
_cრედაქტორი ნინო ძიძიგური.
260 _aთბილისი,
_c2020.
300 _aV.
653 _aმართლმსაჯულება და კანონი
700 _aძიძიგური, ნინო
_eრედაქტორი
_96342
942 _2udc
_cCR